|
|
|
|
| LEADER |
01418nam a22003974a 4500 |
| 001 |
EBC226418 |
| 003 |
MiAaPQ |
| 005 |
20200520144314.0 |
| 006 |
m o d | |
| 007 |
cr cn||||||||| |
| 008 |
040903s2005 njua s 001 0 eng |
| 010 |
|
|
|z 2004020700
|
| 020 |
|
|
|z 047167852X (cloth)
|
| 035 |
|
|
|a (MiAaPQ)EBC226418
|
| 035 |
|
|
|a (Au-PeEL)EBL226418
|
| 035 |
|
|
|a (CaPaEBR)ebr10114190
|
| 035 |
|
|
|a (CaONFJC)MIL25322
|
| 035 |
|
|
|a (OCoLC)133166627
|
| 040 |
|
|
|a MiAaPQ
|c MiAaPQ
|d MiAaPQ
|
| 050 |
|
4 |
|a HG4028.V3
|b R93 2005
|
| 082 |
0 |
4 |
|a 659.2/85
|2 22
|
| 100 |
1 |
|
|a Ryan, Thomas M.,
|d 1964-
|
| 245 |
1 |
0 |
|a Using investor relations to maximize equity valuation
|h [electronic resource] /
|c Thomas M. Ryan, Chad A. Jacobs.
|
| 260 |
|
|
|a Hoboken, N.J. :
|b John Wiley & Sons,
|c c2005.
|
| 300 |
|
|
|a xvi, 272 p. :
|b ill.
|
| 490 |
1 |
|
|a Wiley finance series
|
| 500 |
|
|
|a Includes index.
|
| 533 |
|
|
|a Electronic reproduction. Ann Arbor, MI : ProQuest, 2015. Available via World Wide Web. Access may be limited to ProQuest affiliated libraries.
|
| 650 |
|
0 |
|a Corporations
|x Valuation.
|
| 650 |
|
0 |
|a Corporations
|x Investor relations.
|
| 650 |
|
0 |
|a Investment analysis.
|
| 655 |
|
4 |
|a Electronic books.
|
| 700 |
1 |
|
|a Jacobs, Chad A.,
|d 1964-
|
| 710 |
2 |
|
|a ProQuest (Firm)
|
| 830 |
|
0 |
|a Wiley finance series.
|
| 856 |
4 |
0 |
|u https://ebookcentral.proquest.com/lib/matrademy/detail.action?docID=226418
|z Click to View
|